Child Schooling in India/ (Record no. 190768)

MARC details
000 -LEADER
fixed length control field 00550 a2200181 4500
005 - DATE AND TIME OF LATEST TRANSACTION
control field 20220804125629.0
010 ## - LCCN (DPL NO)
LC control number ENG-134246
020 ## - INTERNATIONAL STANDARD BOOK NUMBER
Terms of availability 180.00
International Standard Book Number 9788175416499
035 ## - SYSTEM CONTROL NUMBER
System control number EN-117778
037 ## - SOURCE OF ACQUISITION
Source of stock number/acquisition DBAD/PUB
082 ## - DEWEY DECIMAL CLASSIFICATION NUMBER
Classification number 307.772
245 ## - TITLE STATEMENT
Title Child Schooling in India/
Statement of responsibility, etc edited by Pankaj Das
260 ## - PUBLICATION, DISTRIBUTION, ETC. (IMPRINT)
Place of publication, distribution, etc Delhi
Name of publisher, distributor, etc Shipra Publications
Date of publication, distribution, etc 2012
270 ## - ADDRESS
Address LG 18-19,Pankaj Central Market, I.P.Ext.Patparganj,
City Delhi
Postal code 110092
300 ## - PHYSICAL DESCRIPTION
Extent x;172p.
Dimensions 22cm(pbk)
700 ## - ADDED ENTRY--PERSONAL NAME
Personal name Das,Pankaj
942 ## - ADDED ENTRY ELEMENTS (KOHA)
Institution code [OBSOLETE] dpl
Item type English Books
Source of classification or shelving scheme Dewey Decimal Classification
Classification part 307.772
Call number suffix CHI
Holdings
Withdrawn status Lost status Not for loan Collection code Home library Current library Date acquired Source of acquisition Cost, normal purchase price Full call number Barcode Copy number Cost, replacement price Koha item type
      Non-fiction Bawana Bawana 04/08/2022 DBAD/PUB 180.00 307.772 CHI EN-117778 1 180.00 English Books

© Delhi Public Library
Hit Counter
free hit counter